Lattices to logic /
Guardado en:
| Autor Principal: | |
|---|---|
| Formato: | Libro |
| Idioma: | English |
| Publicado: |
New York :
Blaisdell,
c1964.
|
| Series: | Blaisdell scientific paperback ;
BP12. |
| Materias: | |
| Etiquetas: |
Agregar Etiqueta
Sin Etiquetas, Sea el primero en etiquetar este registro!
|
| LEADER | 00703nam a22002175a 4500 | ||
|---|---|---|---|
| 001 | MAT.inmabb004493 | ||
| 008 | 840514s1964####nyua#####b####001#0#eng## | ||
| 005 | 20130308114836.0 | ||
| 245 | 1 | 0 | |a Lattices to logic / |c Roy Dubisch. |
| 260 | |a New York : |b Blaisdell, |c c1964. | ||
| 300 | |a vii, 88 p. : |b il. ; |c 21 cm. | ||
| 490 | 1 | |a A Blaisdell scientific paperback ; |v BP12 | |
| 504 | |a Bibliografía: p. 60-61. | ||
| 100 | 1 | |a Dubisch, Roy, |d 1917- | |
| 830 | 0 | |a Blaisdell scientific paperback ; |v BP12. | |
| 650 | 0 | |a Lattice theory. | |
| 650 | 0 | |a Logic, Symbolic and mathematical. | |
| 084 | |a 06-01 (03-01) |2 msc2000 | ||
| 010 | |a 64015977 | ||
| 040 | |a DLC/ICU |c ICU |d DLC | ||
| 859 | |h 06 |i D814 |p A-2845 |b BIB. MATEMATICA | ||
